| 000 | 00536nam a2200145 a 4500 | ||
|---|---|---|---|
| 001 | 000029065 | ||
| 005 | 20200930055317.0 | ||
| 008 | 110413s1944 dr 000 0 spa d | ||
| 040 |
_aDO-SdBNP _bspa _cBNPHU |
||
| 100 | 1 |
_aRojas, Vicente T. _955969 |
|
| 245 | 1 | 4 |
_aLos problemas de la postguerra : _bsituación de la República Dominicana en el Momento actual y su posición en el futuro / _cVicente T. Rojas. |
| 260 |
_aCiudad Trujillo, República Dominicana : _bImprenta la Opinión, _c1944. |
||
| 300 |
_a35 p. ; _c21 cm. |
||
| 049 | _aBNPD | ||
| 999 |
_c28557 _d28557 |
||